Préfectures de France de A à Z plusieurs possibilités - Statistiques

Statistiques générales
  • Ce quiz a été pris 323 fois
  • Le résultat moyen est 15 sur 17
Statistiques - réponses
Une préfecture commençant par... Villes % Correct
A Agen | Ajaccio | Albi | Alençon | Amiens | Angers | Angoulême | Annecy | Arras | Auch | Aurillac | Auxerre | Avignon
100%
B Bar-le-Duc| Basse-Terre | Bastia| Beauvais | Belfort| Belfort | Besançon | Blois | Bobigny | Bordeaux | Bourg-en-Bresse | Bourges
100%
C Caen | Cahors | Carcassonne | Cayenne | Cergy | Châlons-en-Champagne | Chambéry | Charleville-Mézières | Chartres | Châteauroux | Chaumont | Clermont-Ferrand | Colmar | Créteil
99%
L Laon | Laval | Lille | Limoges | Lons-le-Saunier | Lyon
96%
M Mâcon | Mamoudzou | Le Mans | Marseille | Mende | Metz | Mont-de-Marsan | Montauban | Montpellier | Moulins
96%
N Nancy | Nanterre | Nantes | Nevers | Nice | Nîmes | Niort
96%
P Paris | Pau | Périgueux | Perpignan | Poitiers | Privas | Le Puy-en-Velay
96%
R Rennes | La Roche-sur-Yon | La Rochelle | Rodez | Rouen
94%
T Tarbes | Toulon | Toulouse | Tours | Troyes | Tulle
94%
S Saint-Brieuc | Saint-Denis | Saint-Etienne | Saint-Lô | Strasbourg
93%
V Valence | Vannes | Versailles | Vesoul
90%
G Gap | Grenoble | Guéret
85%
D Digne-les-Bains | Dijon
83%
Q Quimper
83%
E Epinal | Evreux | Evry-Courcouronnes
80%
O Orléans
78%
F Foix | Fort-de-France
72%
Aucun quiz correspondant
Distribution des résultats
% des personnes avec chaque résultat
Percentile par nombre de réponses
Votre historique - résultats
Vous n’avez pas pris ce quiz